| 000 | 01730nam2a22003491 4500 | ||
|---|---|---|---|
| 001 | v19\rc\1733791 | ||
| 005 | 20250619050454.0 | ||
| 035 | _a(NLR Aleph) 004834278 | ||
| 090 |
_a4754765 _c4754765 |
||
| 100 | _a20061002d1905 |||y0rusy50 ca | ||
| 101 | 0 | _arus | |
| 102 | _aRU | ||
| 105 | _ay z ||||| | ||
| 200 | 1 |
_aКниги на русском языке _eСост. по данным "Правительств. вестн." инж. Л.К. Лейхман |
|
| 210 |
_d1905 _aБ. м. |
||
| 215 | _a[1], VI, 296 с. | ||
| 461 | 0 |
_1001v19\rc\1733788 _12001#$aСистематическая роспись книгам, вышедшим в России на русском и иных языках за 1899 г.$eС алф. указ. авт. и предметов. Т. 1-$vТ. 2. Июль-декабрь 1899 года. Вып. 1 _94754737 _cСанкт-Петербург _d1901-1905 _nСтат.-библиогр. комис. при РОДПД _oС алф. указ. авт. и предметов. Т. 1- _tСистематическая роспись книгам, вышедшим в России на русском и иных языках за 1899 г. _vТ. 2. Июль-декабрь 1899 года. Вып. 1 |
|
| 605 | _aПравительственный вестник | ||
| 702 | 1 |
_aЛейхман _bЛ.К. _gЛеонид Карлович _4220 |
|
| 801 | 0 |
_aRU _bNLR _gpsbo |
|
| 801 | 0 |
_aRU _bRuMoRGB _2psbo |
|
| 801 | 1 |
_aRU _bProSoft-M _2rusmarc |
|
| 852 |
_aNLR _j421/100 |
||
| 899 |
_aRuMoRGB _jW 266/42 |
||
| 899 |
_aRuMoRGB _jФ 1/6686 |
||
| 899 |
_aRuMoRGB _jФ 1/6687 |
||
| 899 |
_aRuMoRGB _jФ 1/6688 |
||
| 899 |
_aRuMoRGB _jЦБС |
||
| 899 | _aНБ СПбГУ | ||
| 899 | _aГПИБ | ||
| 942 | _cBOOK | ||
| 980 | _aNB | ||